000
00315nam a2200109Ia 4500
008
200302s9999 xx 000 0 und d
100
_a
Peter Sulzer
245
_a
Jean prouve Oeure complete /complete works volume 4 :1954-1984
260
_b
Birkhauser Publishers for Architecture
260
_c
2008
300
_a
334 P.,
999
_c
2901
_d
2901